000 00244nam a22001097a 4500
999 _c261401
_d261400
020 _a9780060586874
100 _aIan Ogilvy
245 _aMeasles and the Wrathmonk
260 _aNew York
_bHarpertrophy
_c2004
300 _a210 pgs
942 _cBK